Zadlžovanie ubralo z plynu
Verejná správa znížila svoj deficit o viac ako tretinu na 4,6 percenta HDP, aj tak však zostáva vysoký.
Guardado en:
| Autor principal: | |
|---|---|
| Formato: | Capítulo de libro |
| Lenguaje: | eslovaco |
| Materias: | |
| Etiquetas: |
Sin Etiquetas, Sea el primero en etiquetar este registro!
|
MARC
| LEADER | 00000naa a2200000 4500 | ||
|---|---|---|---|
| 001 | 0147350 | ||
| 005 | 20231113075404.2 | ||
| 041 | 0 | |a slo | |
| 044 | |a SK | ||
| 245 | 1 | 0 | |a Zadlžovanie ubralo z plynu |c Michal Lehuta |
| 520 | |a Verejná správa znížila svoj deficit o viac ako tretinu na 4,6 percenta HDP, aj tak však zostáva vysoký. | ||
| 610 | 2 | 0 | |a správa verejná |
| 610 | 2 | 0 | |a financie verejné |
| 610 | 2 | 0 | |a deficit |
| 610 | 2 | 0 | |a Slovensko |
| 610 | 2 | 0 | |a 2011 |
| 100 | 1 | |a Lehuta, Michal | |